Central Library OPAC University of Rajshahi

Handbook of data management / (Record no. 38529)

MARC details
000 -LEADER
fixed length control field 00787cam a2200265 a 4500
001 - CONTROL NUMBER
control field 38529
003 - CONTROL NUMBER IDENTIFIER
rucl marc code BD-RjUL
005 - DATE AND TIME OF LATEST TRANSACTION
control field 20211209052819.0
008 - FIXED-LENGTH DATA ELEMENTS--GENERAL INFORMATION
fixed length control field 151227r20082006flua 001 0 eng
020 ## - INTERNATIONAL STANDARD BOOK NUMBER
International Standard Book Number 8130903083
International Standard Book Number 0849399769 (alk. paper)
035 ## - SYSTEM CONTROL NUMBER
System control number (BD-RjUL)38634
040 ## - CATALOGING SOURCE
Original cataloging agency DLC
Transcribing agency DLC
Modifying agency DLC
-- BD-RjUL
Language of cataloging eng
041 ## - LANGUAGE CODE
Language code of text/sound track or separate title eng
082 00 - DEWEY DECIMAL CLASSIFICATION NUMBER
Classification number 005.74
Edition number 21
245 00 - TITLE STATEMENT
Title Handbook of data management /
Statement of responsibility, etc. Sanjiv Purba, editor.
260 ## - PUBLICATION, DISTRIBUTION, ETC. (IMPRINT)
Place of publication, distribution, etc. New Delhi :
Name of publisher, distributor, etc. Viva Books,
Date of publication, distribution, etc. 2006 [Reprinted 2008].
300 ## - PHYSICAL DESCRIPTION
Pagination 1 v. (various pagings) :
Illustrations ill. ;
Size 25 cm.
500 ## - GENERAL NOTE
General note Includes index.
650 #0 - SUBJECT ADDED ENTRY--TOPICAL TERM
Topical term or geographic name as entry element Database management
9 (RLIN) 117949
General subdivision Handbooks, manuals, etc.
700 1# - ADDED ENTRY--PERSONAL NAME
Personal name Purba, Sanjiv.
942 ## - ADDED ENTRY ELEMENTS (KOHA)
Source of classification or shelving scheme Dewey Decimal Classification
Koha item type Books
Holdings
Lost status Source of classification or shelving scheme Damaged status Not for loan Permanent Location Current Location Shelving location Date acquired Source of acquisition Cost, normal purchase price Total Checkouts Full call number Date last seen Copy number Koha item type Collection code
  Dewey Decimal Classification     Central Library, University of Rajshahi Central Library, University of Rajshahi   09/07/2009 Ahsania Mission Book Dist. House 1462.65   005.74 HAN 2008 27/12/2015 C-3 Books  
  Dewey Decimal Classification     Central Library, University of Rajshahi Central Library, University of Rajshahi   09/07/2009 dhaka, paragon Enterprice ltd. 2925.00   005.74 HAN 2008 20/11/2016 C-2 Books Non-fiction
  Dewey Decimal Classification   Not For Loan Central Library, University of Rajshahi Central Library, University of Rajshahi Reading Room 09/07/2009 Dhaka, Ahsania Mission Book Distribution House 2925.30   005.74 HAN 2008 14/03/2017 C-1 Books Non-fiction